Missing Word: 'H' Novels Quiz Stats

 Plays Quiz Updated Dec 27, 2012

Support Sporcle.
Go Orange.
Score 0/20 Timer 03:00
0 Plays Today
Title Missing Word % Correct
____ Potter and the Chamber of SecretsHarry
99.2%
The ____ GamesHunger
96.7%
Little ____ on the PrairieHouse
95.4%
The Adventures of _____ FinnHuckleberry
94.6%
Green Eggs and ____Ham
94.5%
The ____Hobbit
93%
One ____ Years of Solitude Hundred
92.5%
Wuthering ____Heights
91.1%
The Very ____ Caterpillar Hungry
90.1%
The ____ Guide to the GalaxyHitchhiker's
87.4%
Title Missing Word % Correct
The _____ of the Baskervilles Hound
82.1%
____ of DarknessHeart
80.9%
Calvin and ____Hobbes
73.7%
A Brief _____ of Time History
70.5%
____ TimesHard
67.3%
The Heart is a Lonely ____ Hunter
43%
The ____ and His BoyHorse
41%
The ____ Tale Handmaid's
38.7%
Jacob ____ I Loved Have
31.3%
The ____ Place Hiding
17.1%

Today's Daily Dose

You're not logged in!

Compare scores with friends on all Sporcle quizzes.
OR
Log In

From the Vault

Clickin' #1 Songs

by Qaqaq

Since you're lookin', start by playin' this quiz about singin'.
Remove Ads.
Support Sporcle.
Get the best of Sporcle when you Go Orange. This ad-free experience offers more features, more stats, and more fun while also helping to support Sporcle. Thank you for becoming a member.

Show Comments

Extras

Top Quizzes Today


Score Distribution

Your Account Isn't Verified!

In order to create a playlist on Sporcle, you need to verify the email address you used during registration. Go to your Sporcle Settings to finish the process.

Report this User

Report this user for behavior that violates our Community Guidelines.

Details: